|
|
|
|
| LEADER |
00796cam a2200217 4500 |
| 008 |
740926s1974 enk b 000 0beng |
| 020 |
|
|
|a 0198265263 (v. 1)
|
| 082 |
0 |
0 |
|a 891/.43/12
|
| 240 |
1 |
0 |
|a Works.
|l English
|
| 245 |
0 |
0 |
|a Kabir /
|c edited by Vaudeville
|
| 260 |
|
|
|a Oxford :
|b Clarendon Press,
|c 1974.
|
| 300 |
|
|
|a 340 p. ;
|c 23 cm.
|
| 350 |
|
|
|a £7.50 (v. 1)
|
| 504 |
|
|
|a Bibliography: v. 1, p. [333]-340.
|
| 600 |
0 |
0 |
|a Kabir,
|d active 15th century
|x Translations into English.
|
| 653 |
|
|
|a Mystics
|a India
|
| 700 |
1 |
|
|a Vaudeville, Charlotte
|e ed.
|
| 906 |
|
|
|a 7
|b cbc
|c orignew
|d 3
|e ncip
|f 19
|g y-gencatlg
|
| 942 |
|
|
|c BK
|
| 999 |
|
|
|c 277277
|d 277277
|
| 952 |
|
|
|0 0
|1 0
|2 ddc
|4 0
|6 891_000000000000000__43_12_KAB_1
|7 0
|9 311860
|a PHL
|b PHL
|c ST1
|d 2016-02-23
|h vol. 1
|i 1314
|l 0
|o 891/.43/12 KAB.1
|p PHL1314
|r 2016-02-23
|y BK
|